[Event "24th ch-EUR Indiv w 2024"]
[Site "Rhodes GRE"]
[Date "2024.04.27"]
[Round "8.22"]
[White "Lehaci, Miruna-Daria"]
[Black "Atalik, Ekaterina"]
[Result "1/2-1/2"]
[WhiteTitle "WIM"]
[BlackTitle "IM"]
[WhiteElo "2242"]
[BlackElo "2406"]
[WhiteFideId "1234765"]
[BlackFideId "4130189"]
[EventDate "2024.04.19"]

1. e4 c6 2. d4 d5 3. exd5 cxd5 4. Bf4 Nc6 5. c3 Nf6 6. Nd2 g6 7. Ngf3 Nh5 8. Be3
Bg7 9. h3 Qd6 10. Nb3 O-O 11. Nc1 f5 12. Nd3 f4 13. Bd2 Bf5 14. Be2 h6 15. Nh4
Be4 16. Nc5 e5 17. Nxe4 dxe4 18. Nxg6 Qxg6 19. Bxh5 Qxg2 20. Qb3+ Kh8 21. O-O-O
Qg5 22. Rhg1 Qxh5 23. Qxb7 Qf7 24. Qxc6 exd4 25. Qxe4 Rab8 26. Rxg7 Kxg7 27.
Rg1+ Kh8 28. Rg6 Rb6 29. Qxd4+ Kh7 30. Rxb6 axb6 31. Qxb6 Qxa2 32. Qb7+ Qf7 33.
Qxf7+ Rxf7 34. b4 Kg6 35. Kc2 Kf5 36. f3 Ke5 37. Be1 Rg7 38. Kd3 Rg1 39. Bf2
Rd1+ 40. Ke2 Rb1 41. Kd3 Rd1+ 42. Ke2 Rb1 43. Kd3 Rd1+ 1/2-1/2

[Event "24th ch-EUR Indiv w 2024"]
[Site "Rhodes GRE"]
[Date "2024.04.27"]
[Round "8.23"]
[White "Danielian, Elina"]
[Black "Prado Acebo, Ines"]
[Result "1/2-1/2"]
[WhiteTitle "GM"]
[BlackTitle "WFM"]
[WhiteElo "2397"]
[BlackElo "2229"]
[WhiteFideId "13300210"]
[BlackFideId "22251235"]
[EventDate "2024.04.19"]

1. d4 d5 2. c4 e6 3. Nf3 Nf6 4. e3 Be7 5. Nbd2 O-O 6. Bd3 dxc4 7. Nxc4 c5 8.
dxc5 Na6 9. O-O Nxc5 10. Bc2 b6 11. b3 Bb7 12. Bb2 Qd5 13. Qxd5 Nxd5 14. Rad1
Rfd8 15. Nd4 Rac8 16. Bb1 Na4 17. bxa4 Rxc4 18. Bc2 Nc3 19. Rc1 Rcxd4 20. Bxc3
Rg4 21. f3 Rc4 22. Bb3 Rc7 23. Bd4 Rdc8 24. Rxc7 Rxc7 25. Rd1 Rd7 26. Rc1 Bd6
27. Kf2 e5 28. Bb2 Kf8 29. Ke2 f6 30. Bc4 Rc7 31. Kd3 Bb4 32. Bb5 Rxc1 33. Bxc1
Bd5 34. Bc4 Bc6 35. Bb3 Ke7 36. Kc4 Bd6 37. e4 Bb7 38. Kd3 Bc5 39. Bd2 Kd6 40.
Bc4 Bc6 41. Bb5 Bb7 42. Be1 Bc8 43. Bc4 1/2-1/2

[Event "24th ch-EUR Indiv w 2024"]
[Site "Rhodes GRE"]
[Date "2024.04.27"]
[Round "8.24"]
[White "Yao, Lan"]
[Black "Mandura, Tijana"]
[Result "1-0"]
[WhiteTitle "WGM"]
[BlackTitle "WIM"]
[WhiteElo "2370"]
[BlackElo "2218"]
[WhiteFideId "8610835"]
[BlackFideId "16500270"]
[EventDate "2024.04.19"]

1. e4 c6 2. d4 d5 3. Nd2 dxe4 4. Nxe4 Nf6 5. Nxf6+ exf6 6. c3 Bd6 7. Bd3 O-O 8.
Qc2 Re8+ 9. Ne2 h5 10. O-O h4 11. h3 Nd7 12. Bd2 Nf8 13. Rae1 Bb8 14. f4 g6 15.
f5 g5 16. Qd1 Qd6 17. Nf4 Rxe1 18. Rxe1 Bd7 19. Qh5 gxf4 20. Bc4 Be6 21. fxe6
fxe6 22. Bxe6+ Qxe6 23. Rxe6 Nxe6 24. Qe8+ Nf8 25. Bxf4 1-0

[Event "24th ch-EUR Indiv w 2024"]
[Site "Rhodes GRE"]
[Date "2024.04.27"]
[Round "8.25"]
[White "Guichard, Pauline"]
[Black "Levitan, Ronit"]
[Result "1-0"]
[WhiteTitle "IM"]
[BlackTitle "WFM"]
[WhiteElo "2362"]
[BlackElo "2187"]
[WhiteFideId "639370"]
[BlackFideId "2815109"]
[EventDate "2024.04.19"]

1. d4 Nf6 2. c4 e6 3. Nf3 d5 4. Nc3 Bb4 5. Bg5 h6 6. Bxf6 Qxf6 7. e3 O-O 8. Rc1
dxc4 9. Bxc4 c5 10. O-O cxd4 11. Ne4 Qf5 12. Bd3 Qa5 13. a3 Be7 14. Nxd4 Nc6 15.
Nxc6 bxc6 16. Rc3 Rd8 17. Qc2 Rb8 18. Rc1 Rd5 19. Bc4 Rd8 20. Be2 Rd5 21. Bc4
Rd8 22. Bf1 Rd5 23. b4 Qd8 24. b5 c5 25. Nxc5 Bxc5 26. Rxc5 Bb7 27. Rxd5 Qxd5
28. Qa4 Ra8 29. Rc7 a6 30. bxa6 Bc8 31. Qe8+ Kh7 32. Qxf7 1-0

[Event "24th ch-EUR Indiv w 2024"]
[Site "Rhodes GRE"]
[Date "2024.04.27"]
[Round "8.26"]
[White "Mammadova, Gulnar"]
[Black "Gaboyan, Susanna"]
[Result "1-0"]
[WhiteTitle "IM"]
[BlackTitle "WIM"]
[WhiteElo "2352"]
[BlackElo "2192"]
[WhiteFideId "13403508"]
[BlackFideId "13303627"]
[EventDate "2024.04.19"]

1. e4 c5 2. Nf3 Nc6 3. Bb5 g6 4. O-O Bg7 5. d3 e5 6. a3 Nge7 7. b4 cxb4 8. axb4
Nxb4 9. Ba3 Nbc6 10. Bd6 O-O 11. Nc3 Re8 12. Bc4 h6 13. Nb5 Nf5 14. exf5 gxf5
15. Nc7 Re6 16. Nxe6 dxe6 17. Ba3 e4 18. dxe4 Bxa1 19. Qxa1 fxe4 20. Ne5 Qc7 21.
Nxc6 Qxc6 22. Qd4 e5 23. Qd8+ Kh7 24. Bxf7 Be6 25. Qe7 1-0

[Event "24th ch-EUR Indiv w 2024"]
[Site "Rhodes GRE"]
[Date "2024.04.27"]
[Round "8.27"]
[White "Gajcin, Marina"]
[Black "Zawadzka, Jolanta"]
[Result "1/2-1/2"]
[WhiteTitle "WGM"]
[BlackTitle "WGM"]
[WhiteElo "2224"]
[BlackElo "2351"]
[WhiteFideId "949086"]
[BlackFideId "1122320"]
[EventDate "2024.04.19"]

1. e4 e5 2. Nf3 Nc6 3. Bc4 Nf6 4. d3 h6 5. O-O Bc5 6. c3 d6 7. a4 a6 8. Nbd2 Ba7
9. Re1 g5 10. Nf1 g4 11. N3d2 h5 12. Nb1 h4 13. Be3 Nh5 14. d4 Qf6 15. Bd5 Ne7
16. Qd2 Qg7 17. dxe5 Bxe3 18. Rxe3 dxe5 19. Na3 g3 20. fxg3 hxg3 21. hxg3 Nf6
22. g4 Nfxd5 23. exd5 Bxg4 24. Nc4 f6 25. d6 O-O-O 26. Rd3 Ng6 27. Rg3 f5 28.
Re1 e4 29. Qd5 Rd7 30. Qc5 Kb8 31. dxc7+ Rxc7 32. Qd6 Ka7 33. Nce3 Qh7 34. Qd4+
Kb8 35. Qd6 Ka8 36. Nd5 Rc6 37. Nb6+ Rxb6 38. Qxb6 Nf4 39. Qd6 Ne2+ 40. Rxe2
Bxe2 41. Rh3 Qg7 42. Rxh8+ Qxh8 43. Ne3 Bg4 44. Nd5 Qg8 45. Nf6 Qb3 46. Qf8+ Ka7
47. Qc5+ Ka8 48. Nd5 f4 49. Qf8+ Ka7 50. Qc5+ Ka8 51. a5 Qd1+ 52. Kh2 Kb8 53.
Qf8+ Bc8 54. Qd6+ Ka7 55. Qc5+ Kb8 56. Qc7+ Ka7 57. Nxf4 Qg4 58. Qc5+ Ka8 59.
Qe3 Qf5 60. b4 Bd7 61. Kg1 Bc6 62. Qd2 Qg5 63. Qe3 Qg4 64. Ne2 Bb5 65. Nf4 Bc6
66. Kh2 Qh4+ 67. Nh3 Bd7 68. Qg3 Qe7 69. Qe3 Qh4 70. Kg1 Bc6 71. Nf2 Qe7 72. Nd3
Qd6 73. Nf4 Qd1+ 74. Kh2 Qg4 75. Ne2 Bb5 76. Ng3 Bc6 77. Qh6 Ka7 78. Qe3+ Ka8
79. Qh6 Ka7 80. Qe3+ 1/2-1/2

[Event "24th ch-EUR Indiv w 2024"]
[Site "Rhodes GRE"]
[Date "2024.04.27"]
[Round "8.28"]
[White "Savina, Anastasia"]
[Black "Terbe, Zsuzsanna"]
[Result "1-0"]
[WhiteTitle "IM"]
[BlackTitle "WIM"]
[WhiteElo "2330"]
[BlackElo "2174"]
[WhiteFideId "4196872"]
[BlackFideId "708801"]
[EventDate "2024.04.19"]

1. d4 d5 2. c4 c6 3. Nf3 e6 4. Nc3 dxc4 5. e3 b5 6. a4 Bb4 7. Bd2 a5 8. axb5
Bxc3 9. Bxc3 cxb5 10. b3 Bb7 11. bxc4 b4 12. Bb2 Nf6 13. Bd3 Nbd7 14. O-O O-O
15. Nd2 Qc7 16. Bc2 Rfd8 17. f4 Nb6 18. Rc1 a4 19. d5 Ne8 20. Be5 Qe7 21. Bd4
Nd7 22. dxe6 Qxe6 23. Bxa4 Ndf6 24. Nf3 Qg4 25. h3 Qg3 26. Bxe8 Rxe8 27. Rc2 Ne4
28. Rb2 Nd6 29. Rxb4 Ba6 30. Ne5 f6 31. Bc5 fxe5 32. Rf3 Qh4 33. Qxd6 e4 34. Rf1
Bc8 35. f5 Ra2 36. Qf4 Qh5 37. Bd4 Qe2 38. Qg3 Re7 39. Rb8 Qxc4 40. f6 Rf7 41.
Rfb1 Rc2 42. Rxc8+ Qxc8 43. Rb8 g6 44. Rxc8+ Rxc8 45. Qe5 1-0

[Event "24th ch-EUR Indiv w 2024"]
[Site "Rhodes GRE"]
[Date "2024.04.27"]
[Round "8.29"]
[White "Dornbusch, Tatiana"]
[Black "Radeva, Viktoria"]
[Result "1/2-1/2"]
[WhiteTitle "WGM"]
[BlackTitle "WGM"]
[WhiteElo "2199"]
[BlackElo "2315"]
[WhiteFideId "14107449"]
[BlackFideId "2915405"]
[EventDate "2024.04.19"]

1. d4 e6 2. Nf3 f5 3. c4 Nf6 4. Nc3 Bb4 5. Qb3 c5 6. Bd2 O-O 7. e3 Bxc3 8. Bxc3
Ne4 9. Bd3 Nxc3 10. Qxc3 b6 11. dxc5 bxc5 12. O-O Bb7 13. Be2 Qe7 14. Rfd1 d6
15. b4 Na6 16. a3 Rf6 17. Rab1 Rd8 18. b5 Nb8 19. a4 Rg6 20. Qa5 Be4 21. Rb2 Rf8
22. Rbd2 e5 23. Ne1 f4 24. exf4 exf4 25. Bf3 Bxf3 26. Nxf3 Qe4 27. Qc3 Nd7 28.
Rxd6 Rxd6 29. Rxd6 Nb6 30. Qd3 Qxd3 31. Rxd3 Nxa4 32. Ra3 Nb6 33. Rxa7 Nxc4 34.
Rc7 Rb8 35. Rxc5 Na3 36. h4 Nxb5 37. Rc4 Rf8 38. Ng5 Nd6 39. Rd4 Rf6 40. f3 h6
41. Nh3 Nb5 42. Rc4 Nd6 43. Rb4 g6 44. Nxf4 Nf5 45. Ne2 Ra6 46. g3 Ra1+ 47. Kf2
Ra2 48. Re4 Kf7 49. Rf4 Kg7 50. Re4 Kf7 51. Rg4 h5 52. Re4 Kf6 53. Ke1 Ra1+ 54.
Kf2 Ra2 55. Rf4 Kg7 56. g4 hxg4 57. Rxg4 Kh6 58. Ke1 Ra1+ 59. Kf2 1/2-1/2

[Event "24th ch-EUR Indiv w 2024"]
[Site "Rhodes GRE"]
[Date "2024.04.27"]
[Round "8.30"]
[White "Eric, Jovana"]
[Black "Antolak, Julia"]
[Result "1/2-1/2"]
[WhiteTitle "WGM"]
[BlackTitle "WGM"]
[WhiteElo "2162"]
[BlackElo "2309"]
[WhiteFideId "938238"]
[BlackFideId "1159569"]
[EventDate "2024.04.19"]

1. e4 c5 2. Nf3 d6 3. d4 cxd4 4. Nxd4 Nf6 5. Nc3 a6 6. h3 e5 7. Nf3 h6 8. g4 Be7
9. Rg1 b5 10. g5 hxg5 11. Nxg5 Bb7 12. Be3 Qc7 13. Qd2 Nbd7 14. O-O-O Rc8 15. a3
Nb6 16. Kb1 Nc4 17. Bxc4 Qxc4 18. f4 b4 19. axb4 Qxb4 20. fxe5 dxe5 21. Nd5 Qxd2
22. Rxd2 Rh4 23. Bf2 Rh5 24. h4 Bc5 25. Bxc5 Bxd5 26. Bd6 Bxe4 27. Re1 Rxh4 28.
Bxe5 Rh1 29. Rxh1 Bxh1 30. Re2 Kf8 31. Rh2 Bb7 32. Nh7+ Nxh7 33. Rxh7 f6 34.
Bxf6 gxf6 1/2-1/2

[Event "24th ch-EUR Indiv w 2024"]
[Site "Rhodes GRE"]
[Date "2024.04.27"]
[Round "8.31"]
[White "Babiy, Olga"]
[Black "Abdinova, Narmin"]
[Result "1/2-1/2"]
[WhiteTitle "WGM"]
[WhiteElo "2306"]
[BlackElo "2087"]
[WhiteFideId "14117258"]
[BlackFideId "13425340"]
[EventDate "2024.04.19"]

1. e4 c5 2. Nf3 a6 3. c4 Nc6 4. Nc3 e5 5. d3 d6 6. g3 g6 7. Bg2 Bg7 8. O-O Nge7
9. a3 O-O 10. Nh4 Nd4 11. b4 h6 12. bxc5 dxc5 13. Rb1 g5 14. Nf5 Nexf5 15. exf5
Bxf5 16. Rxb7 Rb8 17. Rxb8 Qxb8 18. Ne4 Qb6 19. f4 exf4 20. gxf4 g4 21. Ng3 Qg6
22. Be3 Re8 23. Bf2 Bxd3 24. f5 Bxf5 25. Nxf5 Nxf5 26. Bxc5 Nh4 27. Qd7 Nf3+ 28.
Kh1 Re2 29. Bf2 Qe4 30. Qd8+ Kh7 31. Qc7 Qe6 32. Bxf3 gxf3 33. Qg3 Rc2 34. c5
Qe5 35. Qxf3 Rc3 36. Qg2 Rc2 37. Qf3 Rc3 38. Qg2 Rc2 39. a4 Re2 40. Qf3 Qe4 41.
Qxe4+ Rxe4 42. Rc1 Be5 43. c6 Bc7 44. a5 Re8 45. Bb6 Rc8 46. Rb1 Kg7 47. Bxc7
Rxc7 48. Rb6 Kf6 49. Rxa6 Ke5 50. Rb6 Kd5 51. a6 Kc5 52. Rb8 h5 53. Rh8 Kb6 54.
Rxh5 Rxc6 55. Rf5 Kxa6 56. Rxf7 Rc2 57. Rd7 Kb6 58. Rd8 Kc7 59. Rd3 Rc6 60. Kg2
Rd6 61. Rg3 Kd7 62. h4 Ke7 63. Kh3 Kf7 64. h5 Rd5 65. Kh4 Rd4+ 66. Kg5 Kg7 67.
Re3 1/2-1/2

[Event "24th ch-EUR Indiv w 2024"]
[Site "Rhodes GRE"]
[Date "2024.04.27"]
[Round "8.32"]
[White "Heinemann, Josefine"]
[Black "Kochavi, Dana"]
[Result "1-0"]
[WhiteTitle "WGM"]
[BlackTitle "WFM"]
[WhiteElo "2303"]
[BlackElo "2084"]
[WhiteFideId "12900460"]
[BlackFideId "2837137"]
[EventDate "2024.04.19"]

1. c4 Nf6 2. g3 e6 3. Nf3 d5 4. Bg2 dxc4 5. Qa4+ Nbd7 6. Qxc4 a6 7. Qc2 c5 8.
Nc3 Ra7 9. d4 b6 10. O-O Bb7 11. e4 Be7 12. Rd1 Qa8 13. d5 exd5 14. exd5 Nxd5
15. Nxd5 Bxd5 16. Rxd5 Qxd5 17. Bf4 Qh5 18. Re1 Nf6 19. Ne5 g5 20. Qf5 O-O 21.
g4 Nxg4 22. Nxg4 Qg6 23. Be5 Re8 24. Bd5 Qxf5 25. Nh6+ Kf8 26. Nxf5 Rd8 27. Bg7+
Kg8 28. Bb3 Rad7 29. Bc3 Kf8 30. Re3 b5 31. Rh3 c4 32. Rxh7 f6 33. Bxc4 bxc4 34.
Nxe7 Rd1+ 35. Kg2 R8d6 36. Nf5 Rc6 37. Nh6 Rc1 38. Ng4 Kg8 39. Ra7 f5 40. Nf6+
Kf8 41. Bb4+ 1-0

[Event "24th ch-EUR Indiv w 2024"]
[Site "Rhodes GRE"]
[Date "2024.04.27"]
[Round "8.33"]
[White "Rudzinska, Michalina"]
[Black "Hapala, Elisabeth"]
[Result "1/2-1/2"]
[WhiteTitle "WIM"]
[BlackTitle "WFM"]
[WhiteElo "2302"]
[BlackElo "2044"]
[WhiteFideId "1172883"]
[BlackFideId "1622080"]
[EventDate "2024.04.19"]

1. e4 c5 2. Nf3 e6 3. d4 cxd4 4. Nxd4 Nc6 5. Nc3 Qc7 6. Be3 a6 7. Qf3 b5 8.
O-O-O Bb7 9. Nxc6 Qxc6 10. Bd3 Nf6 11. Bd4 b4 12. Bxf6 gxf6 13. Ne2 Be7 14. Kb1
Qc5 15. Ng3 a5 16. Nh5 Qe5 17. Qe2 Rg8 18. f4 Qc5 19. Bb5 Bc6 20. Bxc6 Qxc6 21.
Rd2 a4 22. Rhd1 a3 23. Qd3 axb2 24. g3 Ra7 25. Qd4 Qa6 26. Qxb2 Qa3 27. Qb3
Qxb3+ 28. cxb3 Rc7 29. h3 Kd8 30. f5 Kc8 31. g4 Rd8 32. Nf4 Rc3 33. Rd3 Rxd3 34.
Rxd3 Kc7 35. Rd4 Kc6 36. Rc4+ Kb5 37. Rc2 Bd6 38. Nd3 Rh8 39. Rf2 Be7 40. e5 Rf8
41. exf6 Bxf6 42. fxe6 fxe6 43. Ne5 Bg7 44. Rxf8 Bxf8 45. Nxd7 Be7 46. Ne5 Kc5
47. Kc2 Kd5 48. Nc4 Ke4 49. Kd2 Kf3 50. Kd3 Kg3 51. Ke4 Kxh3 52. Kf4 Kh4 53. Kf3
Kg5 54. Ne5 Bf6 55. Nf7+ Kh4 56. Nd6 Be7 57. Ne4 h6 58. Kf4 Bg5+ 59. Kf3 Be7 60.
Kf4 1/2-1/2

[Event "24th ch-EUR Indiv w 2024"]
[Site "Rhodes GRE"]
[Date "2024.04.27"]
[Round "8.34"]
[White "Ciolacu, Alessia-Mihaela"]
[Black "Peycheva, Gergana"]
[Result "0-1"]
[WhiteTitle "WIM"]
[BlackTitle "FM"]
[WhiteElo "2188"]
[BlackElo "2295"]
[WhiteFideId "1252640"]
[BlackFideId "2916711"]
[EventDate "2024.04.19"]

1. d4 d5 2. c4 e6 3. Nf3 Nf6 4. Nc3 Nbd7 5. Bf4 dxc4 6. e3 Bd6 7. Bxd6 cxd6 8.
Bxc4 O-O 9. O-O b6 10. Bd3 Bb7 11. e4 e5 12. Re1 Re8 13. a4 a6 14. Rc1 g6 15.
Bc4 Rc8 16. Qb3 Qe7 17. Rcd1 exd4 18. Rxd4 Ne5 19. Be2 Qc7 20. Red1 Red8 21. Rb4
Nfd7 22. Rbd4 Nc5 23. Qa2 Ne6 24. R4d2 Nf4 25. Nd4 Qe7 26. Bf1 Qf6 27. Nd5 Nxd5
28. exd5 Rc5 29. Ne2 Ng4 30. Nc3 Qh4 31. h3 Ne5 32. Rd4 Qe7 33. Qb3 Nd7 34. h4
h5 35. Ne4 Rc7 36. Qb4 Ne5 37. Qxb6 Bc8 38. Bxa6 Bg4 39. Re1 Rc2 40. Qb4 Qxh4
41. Ng3 Qf6 42. Rd2 Rxd2 43. Qxd2 Bf3 44. Re3 h4 45. Be2 hxg3 46. Bxf3 Nc4 47.
Qc3 gxf2+ 48. Kxf2 Qh4+ 49. g3 Qh2+ 50. Bg2 Nxe3 51. Qxe3 Rc8 52. Qd2 Qh5 53. b4
Qf5+ 54. Kg1 Rc2 55. Qe3 Rb2 56. Be4 Qh5 57. Qe1 Re2 0-1

[Event "24th ch-EUR Indiv w 2024"]
[Site "Rhodes GRE"]
[Date "2024.04.27"]
[Round "8.35"]
[White "Markantonaki, Haritomeni"]
[Black "Lach, Aleksandra"]
[Result "0-1"]
[WhiteTitle "WFM"]
[BlackTitle "WIM"]
[WhiteElo "2167"]
[BlackElo "2292"]
[WhiteFideId "4207050"]
[BlackFideId "1134299"]
[EventDate "2024.04.19"]

1. e4 c5 2. Nf3 d6 3. d4 cxd4 4. Nxd4 Nf6 5. Nc3 g6 6. Be3 Nc6 7. f3 h5 8. Qd2
Nxd4 9. Bxd4 Bh6 10. Be3 Bxe3 11. Qxe3 Be6 12. Be2 Qa5 13. O-O Rc8 14. f4 Qc5
15. Qxc5 Rxc5 16. Bd3 Nd7 17. Ne2 Bc4 18. b4 Rc7 19. Nd4 O-O 20. Nb3 Rfc8 21.
Na5 Nb6 22. Kf2 Bxd3 23. cxd3 Na4 24. Ke3 Rc3 25. Rf2 b6 26. Nb3 R8c4 27. h4 e6
28. g4 hxg4 29. h5 gxh5 30. Rh1 Rxb4 31. Rxh5 Nc5 32. Rg5+ Kf8 33. Nxc5 bxc5 34.
f5 e5 35. Rh2 c4 36. Rh8+ Ke7 37. f6+ Kxf6 38. Rf5+ Kg7 39. Rfh5 Rxd3+ 40. Ke2
Rb2+ 41. Ke1 Re3+ 42. Kd1 c3 43. R8h7+ Kf6 44. Rf5+ Kg6 45. Rhxf7 Rd2+ 0-1

[Event "24th ch-EUR Indiv w 2024"]
[Site "Rhodes GRE"]
[Date "2024.04.27"]
[Round "8.36"]
[White "Schulze, Lara"]
[Black "Kroliczek, Gabriela"]
[Result "1-0"]
[WhiteTitle "FM"]
[WhiteElo "2290"]
[BlackElo "1957"]
[WhiteFideId "12956830"]
[BlackFideId "21816727"]
[EventDate "2024.04.19"]

1. e4 e6 2. d4 d5 3. Nc3 Bb4 4. Ne2 dxe4 5. a3 Bxc3+ 6. Nxc3 Nc6 7. Bf4 Nf6 8.
Bb5 Nd5 9. Qd2 f5 10. Bxc6+ bxc6 11. Be5 O-O 12. O-O-O Nb6 13. f3 exf3 14. gxf3
Rf7 15. Rhg1 Nc4 16. Qe2 Nxe5 17. Qxe5 Qd6 18. Na4 Rb8 19. Nc5 Qd5 20. Qxd5 exd5
21. Rde1 Bd7 22. Re5 Rbf8 23. f4 Bc8 24. Rge1 Rf6 25. Re7 R8f7 26. R7e3 Rh6 27.
Re8+ Rf8 28. R1e7 Rxh2 29. Rxf8+ Kxf8 30. Rxc7 h5 31. Rxc8+ Kf7 32. Nd3 h4 33.
Ne5+ Ke7 34. Rh8 h3 35. Nf3 Rh1+ 36. Kd2 a5 37. a4 Kd6 38. Rd8+ Ke7 39. Rh8 Kd6
40. Rh7 c5 41. dxc5+ Kxc5 42. Rxg7 h2 43. Rh7 Rf1 44. Nxh2 Rxf4 45. b3 Rf2+ 46.
Kd3 Kd6 47. Rh3 Kc5 48. Nf3 Rf1 49. Nd2 Re1 50. Rf3 Re5 51. Nf1 d4 52. Ng3 f4
53. Ne4+ Kd5 54. Rxf4 Ke6 55. Kxd4 Rd5+ 56. Ke3 Ke5 57. Rh4 Ke6 58. Rh6+ Ke7 59.
Rg6 1-0

[Event "24th ch-EUR Indiv w 2024"]
[Site "Rhodes GRE"]
[Date "2024.04.27"]
[Round "8.37"]
[White "Abrisqueta Zudaire, Leyre"]
[Black "Hrebenshchykova, Yelyzaveta"]
[Result "0-1"]
[WhiteTitle "WFM"]
[BlackTitle "WIM"]
[WhiteElo "2115"]
[BlackElo "2289"]
[WhiteFideId "32092253"]
[BlackFideId "14159899"]
[EventDate "2024.04.19"]

1. c4 Nf6 2. Nf3 g6 3. Nc3 Bg7 4. e4 d6 5. d4 O-O 6. Be2 e5 7. d5 a5 8. h3 Na6
9. Bg5 Nc5 10. Qc2 Bd7 11. g4 c6 12. Nd2 cxd5 13. exd5 h6 14. Be3 e4 15. Bxc5
dxc5 16. O-O-O a4 17. a3 Re8 18. Ndxe4 Nxe4 19. Nxe4 Qc7 20. Bd3 Qf4+ 21. Kb1 b5
22. cxb5 c4 23. Qxc4 Bxb5 24. Qxb5 Reb8 25. Qxb8+ Rxb8 26. b4 axb3 27. Rc1 Qe5
28. Nc3 Rc8 0-1

[Event "24th ch-EUR Indiv w 2024"]
[Site "Rhodes GRE"]
[Date "2024.04.27"]
[Round "8.38"]
[White "Silva, Mariana Sofia T."]
[Black "Velikic, Adela"]
[Result "0-1"]
[WhiteTitle "WCM"]
[BlackTitle "WIM"]
[WhiteElo "1980"]
[BlackElo "2258"]
[WhiteFideId "1911899"]
[BlackFideId "913553"]
[EventDate "2024.04.19"]

1. d4 d5 2. c4 c6 3. Nf3 Nf6 4. cxd5 cxd5 5. Nc3 Nc6 6. Bf4 Nh5 7. Bd2 g6 8. Ne5
Bg7 9. Nxc6 bxc6 10. e3 O-O 11. Be2 Rb8 12. Na4 Nf6 13. O-O Ne4 14. Be1 e5 15.
Rc1 exd4 16. exd4 Qf6 17. Bc3 Re8 18. Bd3 Qg5 19. Re1 Bg4 20. Qc2 Bh6 21. Ra1
Bf3 22. Bf1 Bg4 23. b3 Bf5 24. Bd3 Re6 25. Bb2 Rbe8 26. Red1 Nd6 27. Bxf5 Nxf5
28. Qc3 Re2 29. Qxc6 Nh4 30. g3 Qf5 31. Rf1 Qf3 32. gxh4 R2e4 33. Qd6 Rg4+ 34.
Qg3 Bf4 0-1

[Event "24th ch-EUR Indiv w 2024"]
[Site "Rhodes GRE"]
[Date "2024.04.27"]
[Round "8.39"]
[White "Hryzlova, Sofiia"]
[Black "Follana Albelda, Lucia"]
[Result "1/2-1/2"]
[WhiteTitle "WIM"]
[WhiteElo "2251"]
[BlackElo "1954"]
[WhiteFideId "14174669"]
[BlackFideId "24516937"]
[EventDate "2024.04.19"]

1. d4 Nf6 2. c4 e6 3. Nc3 Bb4 4. Qc2 O-O 5. e4 d5 6. e5 Ne4 7. Bd3 c5 8. Nf3
cxd4 9. Nxd4 Nd7 10. Bf4 Qh4 11. g3 Qh5 12. O-O Bxc3 13. bxc3 g5 14. cxd5 exd5
15. Bxe4 dxe4 16. e6 gxf4 17. exd7 fxg3 18. fxg3 Bxd7 19. Qxe4 b6 20. Nf5 Bxf5
21. Rxf5 Qg6 22. Qf4 f6 23. Rf1 Rac8 24. h4 Qg7 25. Rf3 Qe7 26. Qg4+ Qg7 27. Qb4
Qc7 28. Kh2 Qc4 29. Qa3 Rc5 30. R5f4 Qe2+ 31. Rf2 Qe7 32. c4 Re5 33. Qf3 Re3 34.
Qd1 Kh8 35. Qd4 Qe5 36. g4 Qxd4 37. Rxd4 Rf7 38. g5 f5 39. h5 Kg7 40. Kg2 f4 41.
Rfxf4 1/2-1/2

[Event "24th ch-EUR Indiv w 2024"]
[Site "Rhodes GRE"]
[Date "2024.04.27"]
[Round "8.40"]
[White "Khotenashvili, Bella"]
[Black "Allahverdiyeva, Ayan"]
[Result "1/2-1/2"]
[WhiteTitle "GM"]
[BlackTitle "WIM"]
[WhiteElo "2454"]
[BlackElo "2152"]
[WhiteFideId "13602640"]
[BlackFideId "13412590"]
[EventDate "2024.04.19"]

1. d4 Nf6 2. Bf4 d5 3. e3 e6 4. Nf3 Bd6 5. Nbd2 O-O 6. Ne5 c5 7. c3 Qc7 8. Bd3
b6 9. h4 Ba6 10. Bxa6 Nxa6 11. h5 cxd4 12. exd4 Ne4 13. Nxe4 dxe4 14. Qe2 Nc5
15. h6 g6 16. g3 f6 17. dxc5 Bxe5 18. cxb6 Qxb6 19. Bxe5 fxe5 20. Rh2 Rad8 21.
Rd1 Rd5 22. Rd2 Rfd8 23. Rc2 Rd3 24. Qxe4 Qa6 25. Rc1 Qb5 26. b3 Rd2 27. a4 Qxb3
28. Kf1 Rd1+ 29. Rxd1 Rxd1+ 30. Kg2 Qd5 31. Rh4 Rc1 32. Qxd5 exd5 33. Rb4 Rxc3
34. Rb8+ Kf7 35. Rb7+ Kf6 36. Rxh7 Kg5 37. Rd7 Kxh6 38. Rxd5 Ra3 39. Ra5 e4 40.
Rxa7 Kg5 41. a5 e3 42. fxe3 Rxe3 43. Rb7 Ra3 44. Rb5+ Kg4 45. Rb4+ Kg5 46. Rb5+ 1/2-1/2

[Event "24th ch-EUR Indiv w 2024"]
[Site "Rhodes GRE"]
[Date "2024.04.27"]
[Round "8.41"]
[White "Stefanova, Antoaneta"]
[Black "Manakova, Maria"]
[Result "0-1"]
[WhiteTitle "GM"]
[BlackTitle "WGM"]
[WhiteElo "2447"]
[BlackElo "2148"]
[WhiteFideId "2902257"]
[BlackFideId "927007"]
[EventDate "2024.04.19"]

1. d4 e6 2. Bf4 Nf6 3. e3 c5 4. Nd2 b6 5. Nc4 d5 6. Ne5 c4 7. g4 Bb7 8. Bg2 b5
9. a4 Qa5+ 10. c3 Nfd7 11. axb5 Qxb5 12. Ne2 f6 13. Nxd7 Nxd7 14. O-O a5 15. Bg3
Bc6 16. Qb1 Qb7 17. Re1 g5 18. f4 a4 19. fxg5 fxg5 20. Rf1 Be7 21. h3 Ra6 22.
Qc2 Rb6 23. Ra2 Nf6 24. Kh1 O-O 25. Ng1 Be8 26. Rf2 Bg6 27. Qxa4 Bb1 28. Ra1
Rxb2 29. Qa7 Ne4 30. Rxf8+ Bxf8 31. Be1 Qxa7 32. Rxa7 Bd3 33. Ra1 Nf2+ 34. Bxf2
Rxf2 35. Re1 Bd6 36. Nf3 Be4 37. Kg1 Rxf3 38. Bxf3 Bxf3 39. Kf2 Be4 40. Ra1 Kf7
41. Ra6 Ke7 42. Ra7+ Kf6 43. Ra6 Be7 44. Ra7 Bg6 45. Ra6 h5 46. Kf3 h4 47. Ke2
Be4 48. Kf2 Bd8 49. Ra7 Bb6 50. Ra1 Bc7 51. Kf1 Bg3 52. Kg1 e5 53. Kf1 Bd3+ 54.
Kg2 exd4 55. exd4 Bf4 56. Ra2 Ke6 57. Kf2 Bg3+ 58. Kg2 Be1 59. Ra3 Kd7 60. Kg1
Kc6 61. Kg2 Kb5 62. Kg1 Bc2 63. Kf1 Bd2 64. Ke2 Bc1 65. Ra2 Bd3+ 66. Kf2 Bf4 67.
Kg2 Be4+ 68. Kf1 Bg3 69. Ra1 Bd3+ 70. Kg1 Bf4 71. Ra2 Be3+ 72. Kg2 Bxd4 73. cxd4
c3 74. Kf2 c2 75. Ra1 Kc4 76. Ke3 Kc3 77. Re1 Be4 78. Rg1 Bg2 0-1

[Event "24th ch-EUR Indiv w 2024"]
[Site "Rhodes GRE"]
[Date "2024.04.27"]
[Round "8.42"]
[White "Olde, Margareth"]
[Black "Hoang, Thanh Trang"]
[Result "1/2-1/2"]
[WhiteTitle "WIM"]
[BlackTitle "GM"]
[WhiteElo "2146"]
[BlackElo "2382"]
[WhiteFideId "4503082"]
[BlackFideId "12400149"]
[EventDate "2024.04.19"]

1. d4 f5 2. g3 Nf6 3. Bg2 g6 4. Nh3 Bg7 5. Nf4 Nc6 6. d5 Ne5 7. Nc3 c6 8. h4
cxd5 9. Nfxd5 Nxd5 10. Nxd5 Nf7 11. e4 fxe4 12. Bxe4 e6 13. Nf4 d5 14. Bg2 d4
15. O-O e5 16. Nd3 O-O 17. f4 Re8 18. fxe5 Nxe5 19. Nxe5 Bxe5 20. Qf3 Bf5 21.
Bg5 Qd6 22. g4 Be6 23. Rae1 Rac8 24. Bf4 Bxf4 25. Qxf4 Qxf4 26. Rxf4 Bxa2 27.
Rxe8+ Rxe8 28. b3 Rd8 29. Bf1 d3 30. Bxd3 Bxb3 31. Rb4 Be6 32. Rxb7 Rd7 33. Rb4
Kg7 34. Ra4 1/2-1/2